000 01164nam a2200277 a 4500
999 _c399611
_d399611
003 BLK
005 20240713105436.0
008 210302b bu |||||r|||| 00| 0 bu d
020 _a978-619-171-103-1
040 _aBLK
041 _aBUL
_cBUL
080 _aАмериканска литература (на САЩ)
_b821.111(73)
_x-312.9
_z821.111(73)-312.9
100 _9350684
_aАрден, Катрин
_eпърви автор
139 _aАрден, Катрин
_bА 82
240 _aDead voices
245 _aМъртви гласове
_cКатрин Арден ; прев. от англ. Диляна Георгиева
260 _9218251
_aСофия
_bOrange Books
_c2020
_f([Пловдив] : Жанет 45)
300 _a239 с.
_c20 см
380 _aDX
500 _aОриг. загл.: Dead voices / Katherine Arden Кн. е продълж. на Скришни места
700 _91021
_aГеоргиева, Диляна Георгиева
_eпрев. от англ.
852 _aЦб 306444
_bЦб
942 _cKNG
_n0
_s1
_014
944 _aCR
_c2021-03-02
_k30575
_lМартин Енчев
999 _d399611